000 00698nam a2200265Ia 4500
003 OSt
005 20221006143302.0
006 a|||||r|||| 00| 0
007 ta
008 221006b |||||||| |||| 00| 0 eng d
024 _a8,542
037 _cTextual
040 _aEASL
_cEASL
_beng
041 _2eng
_aeng
082 _aX755.420k1.N7, M0
100 _aRIX Alan
245 0 _aJapan's economic aid
_b Policy making and politics
260 _aLondon
_bCroom Helm
_c1980
300 _a286p.
_ccm.
490 _v JEL
650 _a JEL
650 _aEconomic Assistance - Japanese
942 _hX755.420k1.N7, M0
_cTEXL
_2CC
999 _c1076628
_d1076628